| 000 | 00759nam a2200217Ia 4500 | ||
|---|---|---|---|
| 001 | 15453 | ||
| 003 | GE_BSU | ||
| 008 | 181216s||||||||xx |||||||||||||| ||und|| | ||
| 040 | _cGE_BSU | ||
| 080 | _a82-93 | ||
| 100 | _aჩაჩანიძე,როდამ | ||
| 245 | _aჩაძირული კუნძული | ||
| 245 | _bფანტასტ. მოთხრობა. უფრ. სასკოლო ასაკის ბავშვთათვის | ||
| 245 | _cრედ.ლ.გოგოხია. მხატვ.გ.კასრაძე | ||
| 260 | _aთბილისი | ||
| 260 | _bნაკ | ||
| 260 | _c1968 | ||
| 300 | _a147გვ.19სმ. | ||
| 653 | _aჩაძირული კუნძული | ||
| 942 | _cBK | ||
| 999 |
_c48556 _d48556 |
||